[Event "EU-chT Seniors 15th"]
[Site "Dresden"]
[Date "2013.07.25"]
[Round "6"]
[White "Knaak, Joachim"]
[Black "Wademark, Helge"]
[Result "0-1"]
[WhiteElo "2197"]
[BlackElo "2080"]
[EventDate "2013.07.20"]
[PlyCount "108"]

1.d4 d5 2.c4 c6 3.Nf3 Nf6 4.Nc3 dxc4 5.a4 Na6 6.e4 Bg4 7.Bxc4 e6 8.Be3 Nb4
9.O-O Be7 10.a5 O-O 11.Bb3 Qc7 12.Qe2 Rfd8 13.Rfd1 Bh5 14.Bg5 h6 15.Be3 
Rac8 16.h3 Bf8 17.g3 Nd7 18.Bf4 Bd6 19.e5 Be7 20.g4 Bg6 21.Bg3 b6 22.axb6 
Qxb6 23.Bc4 c5 24.d5 exd5 25.Nxd5 Nxd5 26.Rxd5 Nf8 27.Ra6 Qb7 28.Rxd8 Rxd8
29.Ra4 Ne6 30.Bxe6 fxe6 31.Nh4 Bd3 32.Qf3 Qxb2 33.Ng2 Qb6 34.Ra1 c4 35.Nf4
a5 36.Rd1 Qb3 37.Nxe6 Rc8 38.Nd4 Qb2 39.Qd5+ Kh7 40.Nf5 Bxf5 41.gxf5 Rd8 
42.Qf3 Rxd1+ 43.Qxd1 c3 44.Bf4 c2 45.Qd2 Bg5 46.Qd6 c1=Q+ 47.Bxc1 Qxc1+ 
48.Kg2 Qc8 49.Qg6+ Kg8 50.f6 Qf8 51.Kg3 Bd2 52.f4 Qf7 53.Qg4 Kh7 54.e6 
Qxf6 0-1

[Event "EU-chT Seniors 15th"]
[Site "Dresden"]
[Date "2013.07.25"]
[Round "6"]
[White "Burchardt, Brigitte"]
[Black "Thornton, John"]
[Result "1-0"]
[WhiteElo "2201"]
[BlackElo "2029"]
[EventDate "2013.07.20"]
[PlyCount "55"]

1.e4 e6 2.d4 d5 3.Nd2 Nf6 4.e5 Nfd7 5.Bd3 c5 6.c3 Nc6 7.Ne2 cxd4 8.cxd4 f6
9.exf6 Nxf6 10.O-O Bd6 11.Nf3 Qc7 12.Ng3 O-O 13.Bg5 h6 14.Bd2 Qb6 15.Bc3 
Bd7 16.Rc1 Be8 17.Re1 Bf7 18.Bb1 Bxg3 19.hxg3 Rad8 20.a3 Bh5 21.Qd3 Ne4 
22.Rxe4 dxe4 23.Qxe4 a5 24.d5 e5 25.dxc6 Qxc6 26.Qh7+ Kf7 27.Ba2+ Ke7 28.
Qxg7+ 1-0

[Event "EU-chT Seniors 15th"]
[Site "Dresden"]
[Date "2013.07.25"]
[Round "6"]
[White "Jones, Iolo Cerredig"]
[Black "Beltz, Martina"]
[Result "1-0"]
[WhiteElo "2225"]
[BlackElo "2090"]
[EventDate "2013.07.20"]
[PlyCount "89"]

1.d4 Nf6 2.Nf3 g6 3.Nbd2 Bg7 4.e4 d6 5.Be2 O-O 6.O-O Re8 7.c3 e5 8.dxe5 
dxe5 9.Qc2 c6 10.Rd1 Qc7 11.Nc4 Nbd7 12.Nd6 Re6 13.Nxc8 Rxc8 14.Ng5 Re7 
15.Be3 h6 16.Nh3 c5 17.f3 Kh7 18.Qd2 Nb6 19.Qd6 Na4 20.Qxc7 Rcxc7 21.Rd2 
a6 22.Bd1 Nb6 23.Bb3 Nbd7 24.Bc4 Nb6 25.Be2 Na4 26.c4 Nb6 27.Nf2 Nbd7 28.
Nd1 Re8 29.Nc3 Nf8 30.Nd5 Rcc8 31.Rd3 N6d7 32.Bd1 b5 33.cxb5 axb5 34.Rb3 
b4 35.a3 bxa3 36.Raxa3 Ra8 37.Rb7 Rxa3 38.bxa3 Ra8 39.a4 Kg8 40.Kf2 Rd8 
41.Bb3 Kh7 42.a5 f5 43.a6 f4 44.Bd2 Ra8 45.Nc7 1-0

[Event "EU-chT Seniors 15th"]
[Site "Dresden"]
[Date "2013.07.25"]
[Round "6"]
[White "Nobis, Martina"]
[Black "Waterfield, John"]
[Result "1/2-1/2"]
[WhiteElo "1846"]
[BlackElo "1980"]
[EventDate "2013.07.20"]
[PlyCount "115"]

1.e4 c5 2.Nf3 Nc6 3.d4 cxd4 4.Nxd4 g6 5.c4 Nf6 6.Nc3 d6 7.Be2 Nxd4 8.Qxd4 
Bg7 9.Be3 O-O 10.Qd2 Be6 11.Rc1 Qa5 12.b3 Rfc8 13.O-O a6 14.h3 b5 15.cxb5 
axb5 16.Bf3 Nd7 17.Bd4 Ne5 18.Be2 Rab8 19.f4 Nc6 20.Bxg7 Kxg7 21.f5 Bd7 
22.f6+ exf6 23.Qxd6 Qb6+ 24.Kh1 Ne5 25.Qd2 Rd8 26.Qf4 g5 27.Qg3 Bc6 28.Rf5
b4 29.Rxe5 fxe5 30.Qxe5+ Kf8 31.Rf1 Qd4 32.Qc7 Qd7 33.Qe5 Qd6 34.Qh8+ Ke7 
35.Qxh7 Qg6 36.Qxg6 fxg6 37.Nd5+ Bxd5 38.exd5 Rxd5 39.Bc4 Rd2 40.Rf7+ Kd6 
41.Rf6+ Ke5 42.Rxg6 Kf4 43.Rf6+ Ke5 44.Rf3 Rxa2 45.Re3+ Kd4 46.Rd3+ Ke4 
47.Rd5 Kf4 48.Rd4+ Ke5 49.Rd5+ Kf6 50.Kh2 Rc2 51.Rd4 Ke5 52.Rg4 Kf6 53.Rd4
Ra8 54.Rd6+ Ke5 55.Rd5+ Kf6 56.Rd6+ Kg7 57.Rd7+ Kf6 58.Rd6+ 1/2-1/2

[Event "EU-chT Seniors 15th"]
[Site "Dresden"]
[Date "2013.07.25"]
[Round "6"]
[White "Van Kemenade, Rudy"]
[Black "Jeske, Kirsten"]
[Result "0-1"]
[WhiteElo "2018"]
[BlackElo "1975"]
[EventDate "2013.07.20"]
[PlyCount "90"]

1.d4 Nf6 2.c4 g6 3.Nc3 Bg7 4.e4 d6 5.Nf3 O-O 6.h3 Nc6 7.Bg5 Nd7 8.Qd2 f6 
9.Be3 e5 10.d5 Ne7 11.O-O-O b6 12.g4 a5 13.Bd3 Nc5 14.Bc2 Ba6 15.Nb5 Bxb5 
16.cxb5 a4 17.Bxc5 bxc5 18.Bd3 Qd7 19.Rhg1 Nc8 20.h4 Nb6 21.Qe2 Rfb8 22.
Nd2 Nc8 23.Nb1 Ne7 24.Nc3 Kh8 25.Rg3 Rf8 26.Rdg1 a3 27.b3 f5 28.gxf5 Bh6+ 
29.Kb1 gxf5 30.exf5 Nxf5 31.Qg4 Qf7 32.Rf3 Rg8 33.Rxf5 Rxg4 34.Rxg4 Qe7 
35.Ne4 Rg8 36.Rxg8+ Kxg8 37.Nf6+ Kh8 38.f3 Bg7 39.Nxh7 Qxh4 40.Ng5 Qh2 41.
Kc1 Bh6 42.f4 exf4 43.Ne6 f3+ 44.Kd1 Qg1+ 45.Kc2 Qc1# 0-1

[Event "EU-chT Seniors 15th"]
[Site "Dresden"]
[Date "2013.07.25"]
[Round "6"]
[White "Auvinen, Esa"]
[Black "Just, Joachim"]
[Result "1/2-1/2"]
[WhiteElo "1956"]
[BlackElo "2055"]
[EventDate "2013.07.20"]
[PlyCount "44"]

1.e4 e6 2.d4 d5 3.Nc3 dxe4 4.Nxe4 Nd7 5.Nf3 Ngf6 6.Nxf6+ Nxf6 7.Bd3 c5 8.
O-O cxd4 9.Nxd4 a6 10.Nf3 Bd6 11.c4 Qc7 12.b3 Bd7 13.Bb2 Bc6 14.h3 O-O-O 
15.Re1 Bb4 16.Be5 Qd7 17.Be2 Bxe1 18.Qxe1 Bxf3 19.Bxf3 Qe7 20.Qa5 Rd7 21.
Qb6 Rhd8 22.Qa7 Rc7 1/2-1/2

[Event "EU-chT Seniors 15th"]
[Site "Dresden"]
[Date "2013.07.25"]
[Round "6"]
[White "Franke, Roland"]
[Black "Patola, Eero"]
[Result "1-0"]
[WhiteElo "1991"]
[BlackElo "1947"]
[EventDate "2013.07.20"]
[PlyCount "81"]

1.b4 e6 2.Bb2 Nf6 3.b5 d5 4.e3 Be7 5.Nf3 O-O 6.c4 c5 7.Be2 b6 8.O-O Bb7 9.
d3 dxc4 10.dxc4 Qxd1 11.Rxd1 Rd8 12.Nc3 Nbd7 13.Rd2 Ng4 14.Rad1 Nge5 15.
Nxe5 Nxe5 16.Nd5 exd5 17.Bxe5 dxc4 18.Rxd8+ Rxd8 19.Rxd8+ Bxd8 20.Bxc4 Kf8
21.a4 Ke7 22.Bb8 f6 23.Bxa7 Bc7 24.a5 bxa5 25.Bxc5+ Bd6 26.Bd4 a4 27.f3 
Bb4 28.Kf2 Kd6 29.Ke2 a3 30.Kd3 h5 31.Kc2 h4 32.Kb3 Bc5 33.h3 Bd5 34.Bxc5+
Kxc5 35.Bxd5 a2 36.Kxa2 Kxd5 37.Kb3 Kc5 38.Ka4 Kc4 39.b6 Kd3 40.b7 Kxe3 
41.b8=Q 1-0

[Event "EU-chT Seniors 15th"]
[Site "Dresden"]
[Date "2013.07.25"]
[Round "6"]
[White "Kirmas, Joachim"]
[Black "Peltola, Leo"]
[Result "1/2-1/2"]
[WhiteElo "2050"]
[BlackElo "2006"]
[EventDate "2013.07.20"]
[PlyCount "51"]

1.e4 e5 2.Nf3 Nc6 3.Bc4 Be7 4.d4 d6 5.d5 Na5 6.Bd3 b6 7.O-O Nf6 8.c4 O-O 
9.h3 Nb7 10.Qe2 a5 11.b3 Bd7 12.Nc3 Nc5 13.Bc2 h6 14.Be3 Nh7 15.a3 f5 16.
b4 Nxe4 17.Nxe4 fxe4 18.Bxe4 Ng5 19.Nxg5 Bxg5 20.Qh5 Qf6 21.b5 Bf4 22.Rae1
Qg5 23.Qxg5 hxg5 24.f3 Bxe3+ 25.Rxe3 Rf6 26.Rf2 1/2-1/2

[Event "EU-chT Seniors 15th"]
[Site "Dresden"]
[Date "2013.07.25"]
[Round "6"]
[White "Lyly, Seppo"]
[Black "Reinemann, Guenter"]
[Result "1/2-1/2"]
[WhiteElo "1893"]
[BlackElo "1999"]
[EventDate "2013.07.20"]
[PlyCount "85"]

1.e4 e6 2.d3 d5 3.Nd2 c5 4.Ngf3 Nc6 5.g3 Qc7 6.Bg2 Nf6 7.O-O dxe4 8.dxe4 
e5 9.c3 Be7 10.Qc2 h6 11.Nc4 O-O 12.Ne3 Be6 13.Nh4 Rfd8 14.Nef5 Bf8 15.f4 
c4 16.fxe5 Ng4 17.Qe2 Qb6+ 18.Kh1 Ngxe5 19.Be3 Qa6 20.h3 Ne7 21.Bd4 N7g6 
22.Qh5 Bxf5 23.Rxf5 Nxh4 24.Qxh4 Ng6 25.Qh5 Qe6 26.Raf1 Rd7 27.g4 b6 28.g5
hxg5 29.Qxg5 Rad8 30.h4 Be7 31.Qe3 Nxh4 32.Rxf7 Qxf7 33.Rxf7 Kxf7 34.Bh3 
Rd6 35.Qf4+ Kg8 36.e5 Rf8 37.Qe4 Rh6 38.Qd5+ Kh8 39.Qd7 Ng6 40.Kg1 Nf4 41.
Bf1 Rg6+ 42.Kh2 Rh6+ 43.Kg1 1/2-1/2

[Event "EU-chT Seniors 15th"]
[Site "Dresden"]
[Date "2013.07.25"]
[Round "6"]
[White "Lauterbach, Eberhard"]
[Black "Kluger, Hans Peter"]
[Result "0-1"]
[WhiteElo "1705"]
[BlackElo "1950"]
[EventDate "2013.07.20"]
[PlyCount "88"]

1.d4 d5 2.Nf3 Nf6 3.c4 c6 4.a4 dxc4 5.Nc3 Bd7 6.e4 e6 7.Bxc4 Bb4 8.e5 Ne4 
9.Qc2 Qa5 10.Bd2 Nxd2 11.Nxd2 Qb6 12.Ne2 Na6 13.O-O Nc7 14.Nf3 a5 15.Rac1 
Rc8 16.Rfd1 Nd5 17.Nd2 Qd8 18.Ne4 O-O 19.Nc5 Rc7 20.Bd3 Qh4 21.Ne4 f5 22.
Nd2 Be8 23.Nf3 Qh6 24.Ng3 Bg6 25.Qe2 Nf4 26.Qe3 Nh3+ 27.gxh3 f4 28.Qe2 
fxg3 29.fxg3 Bxd3 30.Qxd3 Qxh3 31.Ng5 Qf5 32.h4 Be7 33.Qc4 Bxg5 34.hxg5 
Qxg5 35.Qxe6+ Rcf7 36.Kg2 h6 37.Rc3 Kh7 38.Rc2 Qe3 39.Kh3 Qf3 40.Qg4 Qd5 
41.Qe2 Rf5 42.Rc5 Qe6 43.Qe4 Kh8 44.Qg4 Rh5+ 0-1

[Event "EU-chT Seniors 15th"]
[Site "Dresden"]
[Date "2013.07.25"]
[Round "6"]
[White "Johannsen, Ingbert"]
[Black "Holscher, Peter"]
[Result "0-1"]
[WhiteElo "1933"]
[BlackElo "2085"]
[EventDate "2013.07.20"]
[PlyCount "64"]

1.e4 e6 2.d4 d5 3.Nc3 Bb4 4.e5 Qd7 5.f4 b6 6.Bd2 Ne7 7.Bb5 c6 8.Bd3 Ba6 9.
Qe2 Bxd3 10.Qxd3 h5 11.Nf3 Nf5 12.O-O c5 13.Ne2 c4 14.Qxf5 exf5 15.Bxb4 
Nc6 16.Bd6 Nd8 17.a4 Ne6 18.Nh4 g6 19.Nc3 Qc6 20.Rad1 a6 21.g3 O-O-O 22.
Nf3 Kb7 23.Rb1 Rd7 24.b4 cxb3 25.Rxb3 Ka7 26.Rfb1 Rb7 27.Nb5+ Ka8 28.Rc3 
Qd7 29.Ra1 axb5 30.axb5+ Ra7 31.Rxa7+ Kxa7 32.Ng5 Nxg5 0-1

[Event "EU-chT Seniors 15th"]
[Site "Dresden"]
[Date "2013.07.25"]
[Round "6"]
[White "Van Duijn, Roel"]
[Black "Mewes, Hans Dieter"]
[Result "1-0"]
[WhiteElo "2021"]
[BlackElo "1899"]
[EventDate "2013.07.20"]
[PlyCount "41"]

1.e4 c5 2.a3 Nc6 3.b4 cxb4 4.axb4 Nxb4 5.c3 Nc6 6.d4 d5 7.exd5 Qxd5 8.Na3 
e5 9.Nb5 Bd6 10.Bc4 Qe4+ 11.Ne2 Bb8 12.O-O Nf6 13.Ba3 Bd7 14.Qb3 Nd8 15.
Ng3 Qg6 16.dxe5 Ne4 17.Nxe4 Qxe4 18.Rfe1 Qg6 19.Qb4 Nc6 20.Nd6+ Bxd6 21.
exd6+ 1-0

[Event "EU-chT Seniors 15th"]
[Site "Dresden"]
[Date "2013.07.25"]
[Round "6"]
[White "Van Geffen, Ben"]
[Black "Schneider, Miloca"]
[Result "1-0"]
[WhiteElo "2096"]
[BlackElo "1957"]
[EventDate "2013.07.20"]
[PlyCount "37"]

1.e4 c6 2.d4 d5 3.Nd2 dxe4 4.Nxe4 Nf6 5.Nxf6+ exf6 6.c3 Bd6 7.Bd3 O-O 8.
Qc2 Re8+ 9.Ne2 g6 10.h4 Nd7 11.h5 f5 12.hxg6 fxg6 13.Qb3+ Kh8 14.Qf7 Nf8 
15.Bh6 Ne6 16.Be3 Ng7 17.Qxg6 h5 18.Rxh5+ Nxh5 19.Qxh5+ 1-0

[Event "EU-chT Seniors 15th"]
[Site "Dresden"]
[Date "2013.07.25"]
[Round "6"]
[White "Fritsch, Juergen"]
[Black "Denda, Ronald"]
[Result "1-0"]
[WhiteElo "1958"]
[BlackElo "2020"]
[EventDate "2013.07.20"]
[PlyCount "123"]

1.d4 d5 2.Nf3 Nf6 3.Bf4 e6 4.e3 Nbd7 5.Bd3 c5 6.c3 b6 7.O-O Nh5 8.Nbd2 Bb7
9.Ne5 Nxf4 10.exf4 Bd6 11.Qh5 Bxe5 12.fxe5 g6 13.Qh6 Qe7 14.Nf3 Qf8 15.Qf4
h6 16.Bb5 O-O-O 17.a4 a6 18.Bxd7+ Rxd7 19.a5 b5 20.dxc5 Qxc5 21.Nd4 g5 22.
Qf6 Rh7 23.b4 Qe7 24.Qxe7 Rxe7 25.Nb3 Kc7 26.Nc5 Bc8 27.f4 g4 28.Rad1 Kc6 
29.Rd3 h5 30.h3 Re8 31.hxg4 hxg4 32.Rg3 Rg8 33.Nd3 Kc7 34.Kf2 Rh4 35.Ke3 
Kc6 36.Kd4 Rg7 37.Nf2 Rg6 38.Rh1 Rxh1 39.Nxh1 f5 40.exf6 Rxf6 41.Rxg4 Rh6 
42.Rg8 Rxh1 43.Rxc8+ Kb7 44.Rg8 Rd1+ 45.Kc5 Rd3 46.Rg7+ Kc8 47.Kd6 Rxc3 
48.Kxe6 d4 49.f5 Re3+ 50.Kd6 d3 51.Kc6 Kd8 52.Rd7+ Ke8 53.g4 Rg3 54.Rd4 d2
55.Rxd2 Rxg4 56.Rf2 Rxb4 57.Kb6 Rd4 58.Kxa6 b4 59.Kb5 b3 60.a6 Rd6 61.Kc5 
Kd7 62.a7 1-0

[Event "EU-chT Seniors 15th"]
[Site "Dresden"]
[Date "2013.07.25"]
[Round "6"]
[White "Juergens, Peter1"]
[Black "Walther, Diethelm"]
[Result "1/2-1/2"]
[WhiteElo "2015"]
[BlackElo "2159"]
[EventDate "2013.07.20"]
[PlyCount "67"]

1.d4 d5 2.c4 Bf5 3.cxd5 Bxb1 4.Rxb1 Qxd5 5.Qa4+ Nc6 6.Nf3 e6 7.Bd2 Bd6 8.
a3 Nf6 9.e3 O-O 10.Qc4 a6 11.Qxd5 exd5 12.Bd3 Rae8 13.O-O Ne4 14.Rfc1 f5 
15.Be1 Rf6 16.g3 Nd8 17.b4 Nf7 18.a4 g5 19.b5 axb5 20.axb5 b6 21.Ra1 f4 
22.exf4 gxf4 23.Nd2 Nfg5 24.Kg2 fxg3 25.hxg3 Ref8 26.f4 Bxf4 27.Nxe4 dxe4 
28.Bc4+ Kh8 29.gxf4 Rxf4 30.Bg3 Rg4 31.Rf1 Nf3 32.Kh3 h5 33.Be5+ Kh7 34.
Bxc7 1/2-1/2

[Event "EU-chT Seniors 15th"]
[Site "Dresden"]
[Date "2013.07.25"]
[Round "6"]
[White "Pusch, Hermann"]
[Black "Hellwege, Werner"]
[Result "1-0"]
[WhiteElo "2139"]
[BlackElo "2033"]
[EventDate "2013.07.20"]
[PlyCount "94"]

1.e4 c5 2.d4 cxd4 3.c3 Nf6 4.e5 Nd5 5.Nf3 e6 6.Nxd4 d6 7.exd6 Bxd6 8.Bd3 
O-O 9.O-O a6 10.Re1 Qc7 11.h3 h6 12.Nd2 Nc6 13.N2f3 Nxd4 14.Nxd4 Bf4 15.
Bc2 Bxc1 16.Rxc1 Nf6 17.Qf3 Qb6 18.Bb3 a5 19.Re2 a4 20.Bc2 Ra5 21.Rce1 Qc7
22.Qe3 Bd7 23.Nf3 Bb5 24.Rd2 Bc4 25.b3 axb3 26.axb3 Bd5 27.c4 Bxf3 28.Qxf3
Rc5 29.Qd3 Rc8 30.Qe2 b5 31.Bd3 bxc4 32.bxc4 Qf4 33.g3 Qc7 34.Qf3 e5 35.
Bf1 e4 36.Qe3 Kf8 37.Rdd1 Rc6 38.Rd4 Re8 39.Ra1 Rc8 40.Rdd1 Rc5 41.Ra6 Nd7
42.Qxe4 Nb6 43.Qg4 Rg5 44.h4 Rg6 45.Bh3 Rb8 46.Rd3 Nxc4 47.Rc3 Ke8 1-0

[Event "EU-chT Seniors 15th"]
[Site "Dresden"]
[Date "2013.07.25"]
[Round "6"]
[White "Schwertel, Johann"]
[Black "Niebuhr, Gerd"]
[Result "1-0"]
[WhiteElo "2010"]
[BlackElo "2072"]
[EventDate "2013.07.20"]
[PlyCount "61"]

1.d4 Nf6 2.Nf3 g6 3.c3 Bg7 4.g3 b6 5.Bg2 Bb7 6.O-O O-O 7.Nbd2 c5 8.e3 d6 
9.Re1 Nbd7 10.e4 cxd4 11.Nxd4 e5 12.Nc2 d5 13.exd5 Bxd5 14.Ne3 Bxg2 15.
Nxg2 Qc7 16.Nb3 Rad8 17.Qe2 Rfe8 18.Bg5 h6 19.Bd2 Nc5 20.Nxc5 Qxc5 21.Be3 
Qc7 22.Rad1 Rd5 23.c4 Rxd1 24.Rxd1 Rc8 25.Qe1 Ng4 26.h3 Nxe3 27.Nxe3 f5 
28.Nd5 Qc5 29.Kg2 Rd8 30.h4 Rxd5 31.cxd5 1-0

[Event "EU-chT Seniors 15th"]
[Site "Dresden"]
[Date "2013.07.25"]
[Round "6"]
[White "Jorgensen, Jorgen"]
[Black "Gneiss, Karl"]
[Result "1/2-1/2"]
[WhiteElo "2242"]
[BlackElo "2134"]
[EventDate "2013.07.20"]
[PlyCount "29"]

1.Nf3 c5 2.g3 Nc6 3.Bg2 g6 4.c4 Bg7 5.O-O e5 6.Nc3 Nge7 7.a3 d5 8.cxd5 
Nxd5 9.d3 Qd7 10.Be3 b6 11.Rc1 Bb7 12.Qa4 O-O 13.b4 cxb4 14.axb4 Rfd8 15.
Qb3 1/2-1/2

[Event "EU-chT Seniors 15th"]
[Site "Dresden"]
[Date "2013.07.25"]
[Round "6"]
[White "Koller, Hubert"]
[Black "Grevlund, Per"]
[Result "1/2-1/2"]
[WhiteElo "2113"]
[BlackElo "1952"]
[EventDate "2013.07.20"]
[PlyCount "53"]

1.d4 Nf6 2.c4 e6 3.Nc3 d5 4.Bg5 Be7 5.cxd5 exd5 6.Qc2 Be6 7.e3 Nbd7 8.Bd3 
h6 9.Bh4 O-O 10.Nge2 Ne8 11.Bg3 Bd6 12.O-O Bxg3 13.Nxg3 Nd6 14.Nb5 Nxb5 
15.Bxb5 f5 16.Rac1 c6 17.Bd3 g6 18.Qb3 Qb6 19.Qa3 Rae8 20.Ne2 Nf6 21.Rc3 
a6 22.Rb3 Qc7 23.Qb4 Bc8 24.Rc1 Qe7 25.Qa5 Kg7 26.Qe1 Rf7 27.a3 1/2-1/2

[Event "EU-chT Seniors 15th"]
[Site "Dresden"]
[Date "2013.07.25"]
[Round "6"]
[White "Stuerzenbaum, Arthur"]
[Black "Holst, Per"]
[Result "1/2-1/2"]
[WhiteElo "2156"]
[BlackElo "2118"]
[EventDate "2013.07.20"]
[PlyCount "27"]

1.e4 e6 2.d4 d5 3.e5 c5 4.c3 Nc6 5.Nf3 Qb6 6.Be2 Nge7 7.dxc5 Qc7 8.O-O Ng6
9.Be3 Ncxe5 10.Nxe5 Nxe5 11.f4 Nd7 12.b4 Nf6 13.Nd2 Be7 14.Rc1 1/2-1/2

[Event "EU-chT Seniors 15th"]
[Site "Dresden"]
[Date "2013.07.25"]
[Round "6"]
[White "Bilunova, Rimma I"]
[Black "Hjertenes, Oystein"]
[Result "1/2-1/2"]
[WhiteElo "2155"]
[BlackElo "2096"]
[EventDate "2013.07.20"]
[PlyCount "44"]

1.Nf3 g6 2.c4 Bg7 3.Nc3 d6 4.d4 Nd7 5.e3 e5 6.Be2 f6 7.b3 Nh6 8.Bb2 O-O 9.
O-O Nf7 10.Qd2 Re8 11.Rfd1 c6 12.dxe5 dxe5 13.e4 Qc7 14.Qc2 Nf8 15.b4 Be6 
16.c5 Rad8 17.a3 Rxd1+ 18.Rxd1 Rd8 19.Bc1 Rxd1+ 20.Qxd1 Qd7 21.Qxd7 Nxd7 
22.h3 Kf8 1/2-1/2

[Event "EU-chT Seniors 15th"]
[Site "Dresden"]
[Date "2013.07.25"]
[Round "6"]
[White "Harestad, Thor Geir"]
[Black "Fatalibekova, Elena"]
[Result "1-0"]
[WhiteElo "2199"]
[BlackElo "2272"]
[EventDate "2013.07.20"]
[PlyCount "101"]

1.d4 Nf6 2.c4 e6 3.Nc3 Bb4 4.Bg5 h6 5.Bh4 c5 6.d5 Bxc3+ 7.bxc3 d6 8.e3 e5 
9.Qc2 Nbd7 10.Nf3 O-O 11.Nd2 Qc7 12.a4 Re8 13.Bd3 b6 14.O-O Ba6 15.e4 Nh7 
16.f3 Nhf8 17.Bf2 Ng6 18.g3 Nf6 19.Be3 Bc8 20.Rfb1 Bh3 21.Bf1 Bxf1 22.Nxf1
Nf8 23.Qa2 a5 24.Qg2 N8d7 25.Rb2 Qd8 26.Nd2 Qe7 27.Nb1 Rab8 28.Na3 Nh7 29.
Nb5 Rb7 30.Re2 f6 31.Rae1 Rf8 32.Qh3 Re8 33.Bc1 Nhf8 34.Qh5 Rd8 35.h4 Nb8 
36.f4 Nbd7 37.f5 Nb8 38.Qg4 Kf7 39.Qh5+ Kg8 40.Qf3 Kf7 41.g4 Ke8 42.Rg2 
Nh7 43.g5 fxg5 44.hxg5 Nxg5 45.Bxg5 hxg5 46.Qh5+ Qf7 47.Qxg5 Re7 48.Rf1 
Qf6 49.Qh5+ Qf7 50.Rg6 Na6 51.f6 1-0

[Event "EU-chT Seniors 15th"]
[Site "Dresden"]
[Date "2013.07.25"]
[Round "6"]
[White "Ofstad, Per"]
[Black "Titorenko, Natalia I"]
[Result "1/2-1/2"]
[WhiteElo "2173"]
[BlackElo "2164"]
[EventDate "2013.07.20"]
[PlyCount "41"]

1.e4 d5 2.exd5 Nf6 3.Nc3 Nxd5 4.Nf3 Bg4 5.Nxd5 Qxd5 6.Be2 e6 7.O-O Be7 8.
d4 Nc6 9.c4 Qd6 10.d5 exd5 11.cxd5 Nb4 12.Qd4 Bd7 13.Bf4 Qxd5 14.Qxg7 
O-O-O 15.Rac1 Nc6 16.Bc4 Qf5 17.Bg3 Bf6 18.Qxf7 Bxb2 19.Rb1 Qxf7 20.Bxf7 
Bf6 21.Rfe1 1/2-1/2

[Event "EU-chT Seniors 15th"]
[Site "Dresden"]
[Date "2013.07.25"]
[Round "6"]
[White "Bisse, Vilorij"]
[Black "Nilsen, Kai"]
[Result "1-0"]
[WhiteElo "1967"]
[BlackElo "1885"]
[EventDate "2013.07.20"]
[PlyCount "101"]

1.e4 e5 2.Nf3 Nc6 3.Bc4 Be7 4.Nc3 Nf6 5.O-O d6 6.d4 Bg4 7.dxe5 Nxe5 8.Be2 
Nxf3+ 9.Bxf3 Qd7 10.Bxg4 Qxg4 11.f3 Qd7 12.Be3 O-O 13.Qe2 Rad8 14.Rad1 a6 
15.e5 Ne8 16.Nd5 Qe6 17.Nxe7+ Qxe7 18.Bd4 dxe5 19.Qxe5 Qxe5 20.Bxe5 Nd6 
21.b3 Rfe8 22.Bxd6 cxd6 23.c4 Kf8 24.Rd2 Re5 25.Rfd1 Ke7 26.Kf2 f5 27.f4 
Rc5 28.Re2+ Kd7 29.a4 a5 30.Rde1 Kc7 31.Re7+ Rd7 32.Rxd7+ Kxd7 33.Ke3 b6 
34.Kd4 Kd8 35.h4 Kd7 36.h5 Rc7 37.Kd5 Rc5+ 38.Kd4 Rc8 39.Re3 Rf8 40.Kd5 
Rf6 41.Rg3 Rf7 42.Rg5 Kc7 43.Ke6 Rf6+ 44.Ke7 Rh6 45.Rxf5 g6 46.hxg6 Rxg6 
47.Rg5 Rh6 48.f5 Rh4 49.f6 Re4+ 50.Kf8 Kd8 51.Kg7 1-0

[Event "EU-chT Seniors 15th"]
[Site "Dresden"]
[Date "2013.07.25"]
[Round "6"]
[White "Kverndal, Leif"]
[Black "Guenther, Egbert"]
[Result "1/2-1/2"]
[WhiteElo "1843"]
[BlackElo "2032"]
[EventDate "2013.07.20"]
[PlyCount "34"]

1.d4 Nf6 2.Nf3 c5 3.g3 cxd4 4.Nxd4 e5 5.Nb3 Bb4+ 6.c3 Be7 7.Bg2 O-O 8.e4 
b6 9.O-O Bb7 10.Re1 h6 11.a4 Na6 12.Na3 Bxa3 13.Rxa3 Re8 14.Nd2 d5 15.exd5
Bxd5 16.Bxd5 Qxd5 17.Ne4 Qc6 1/2-1/2

[Event "EU-chT Seniors 15th"]
[Site "Dresden"]
[Date "2013.07.25"]
[Round "6"]
[White "Alter, Helmut"]
[Black "Lie, Terje"]
[Result "1/2-1/2"]
[WhiteElo "1876"]
[BlackElo "1596"]
[EventDate "2013.07.20"]
[PlyCount "43"]

1.e4 d6 2.d4 Nf6 3.Bd3 g6 4.f4 c6 5.Nf3 Bg4 6.O-O Bg7 7.h3 Bxf3 8.Qxf3 O-O
9.c3 Qb6 10.Qf2 Nbd7 11.Nd2 c5 12.Nc4 Qc7 13.e5 Nd5 14.Ne3 Nxe3 15.Bxe3 
cxd4 16.cxd4 e6 17.Rfc1 Qb8 18.Rc2 Rc8 19.Rac1 Rxc2 20.Qxc2 d5 21.Qc7 Nb6 
22.Qc2 1/2-1/2

[Event "EU-chT Seniors 15th"]
[Site "Dresden"]
[Date "2013.07.25"]
[Round "6"]
[White "Bjorgvik, Jan Arne"]
[Black "Stavenhagen, Johannes"]
[Result "1/2-1/2"]
[WhiteElo "1835"]
[BlackElo "2007"]
[EventDate "2013.07.20"]
[PlyCount "95"]

1.e4 c5 2.Nf3 d6 3.d4 cxd4 4.Nxd4 Nf6 5.Nc3 g6 6.Be2 Bg7 7.O-O O-O 8.Be3 
a6 9.h3 Nbd7 10.Qd2 Nc5 11.Bf3 Ne6 12.Rad1 Bd7 13.Nb3 Bc6 14.Nd5 Nd7 15.c3
Rc8 16.Nd4 Ne5 17.Be2 Nc5 18.f3 a5 19.Nxc6 bxc6 20.Nf4 Ncd7 21.Ba6 Ra8 22.
Qe2 Qc7 23.g3 Nb8 24.Bd3 Nxd3 25.Nxd3 Nd7 26.Kg2 Rfb8 27.Rb1 Rb7 28.Qd2 
Rab8 29.b3 c5 30.c4 a4 31.Qc2 axb3 32.axb3 Nf6 33.Nf2 Nd7 34.Bd2 Ra7 35.
Bc3 Rab7 36.Bxg7 Kxg7 37.Qc3+ f6 38.Rb2 Rb4 39.Nd3 R4b6 40.Nf4 Qb7 41.Rfb1
Kf7 42.Qd3 Ne5 43.Qc3 e6 44.Nd3 Nc6 45.h4 e5 46.Kh2 Nd4 47.Nc1 Kg7 48.Kg2 
1/2-1/2

[Event "EU-chT Seniors 15th"]
[Site "Dresden"]
[Date "2013.07.25"]
[Round "6"]
[White "Breitfeld, Joachim"]
[Black "Weller, Karl"]
[Result "1-0"]
[WhiteElo "2011"]
[BlackElo "1967"]
[EventDate "2013.07.20"]
[PlyCount "76"]

1.b4 d5 2.Bb2 Qd6 3.a3 e5 4.Nf3 Nd7 5.e3 c6 6.d4 e4 7.Nfd2 Ngf6 8.c4 Be7 
9.Be2 h5 10.a4 Qxb4 11.Ba3 Qa5 12.Bxe7 Kxe7 13.Qb3 Rh6 14.Nc3 Rg6 15.Qa3+ 
Kd8 16.g3 Ke8 17.cxd5 cxd5 18.Nb5 Ng4 19.Bxg4 hxg4 20.Nd6+ Kd8 21.Nxf7+ 
Ke8 22.Nd6+ Kd8 23.Nf5 Nc5 24.dxc5 Bxf5 25.c6 Rxc6 26.Qf8+ Kc7 27.Qxf5 Rc8
28.Qe5+ Kb6 29.Qd4+ Ka6 30.O-O Rc3 31.Rfc1 Rd3 32.Qb2 Rcc3 33.Rcb1 b6 34.
Nf1 Qc5 35.Qb5+ Qxb5 36.axb5+ Kb7 37.Rb4 Rb3 38.Rxb3 Rxb3 1-0

[Event "EU-chT Seniors 15th"]
[Site "Dresden"]
[Date "2013.07.25"]
[Round "6"]
[White "Krebs, Dietmar"]
[Black "Hamm, Georg"]
[Result "1/2-1/2"]
[WhiteElo "2080"]
[BlackElo "2109"]
[EventDate "2013.07.20"]
[PlyCount "58"]

1.e4 g6 2.d4 Bg7 3.Be3 d6 4.Nf3 Nd7 5.Nc3 a6 6.a4 b6 7.Be2 Bb7 8.O-O e6 9.
Qd3 Ne7 10.Bg5 h6 11.Bh4 O-O 12.g4 Qe8 13.Bg3 Kh8 14.h3 Rd8 15.Rad1 Rc8 
16.Qe3 f6 17.Bc4 Qf7 18.Qe2 Ra8 19.Rfe1 Rfe8 20.Bb3 g5 21.Qc4 Nc6 22.d5 
exd5 23.Nxd5 Nc5 24.Nxb6 Qxc4 25.Nxc4 Nxe4 26.Ne3 Nxg3 27.fxg3 Ne5 28.Nxe5
fxe5 29.Nd5 Bxd5 1/2-1/2

[Event "EU-chT Seniors 15th"]
[Site "Dresden"]
[Date "2013.07.25"]
[Round "6"]
[White "Andersson, Sven Olof"]
[Black "Huelsmann, Josef"]
[Result "1/2-1/2"]
[WhiteElo "1977"]
[BlackElo "2180"]
[EventDate "2013.07.20"]
[PlyCount "25"]

1.Nf3 d5 2.d4 e6 3.g3 f5 4.Bg2 Nf6 5.c4 c6 6.O-O Bd6 7.b3 Qe7 8.Bb2 O-O 9.
e3 Bd7 10.Ne5 Be8 11.Nd2 Nbd7 12.a4 Rc8 13.Qe2 1/2-1/2

[Event "EU-chT Seniors 15th"]
[Site "Dresden"]
[Date "2013.07.25"]
[Round "6"]
[White "Gross, Werner"]
[Black "Sandklef, Ake"]
[Result "0-1"]
[WhiteElo "2223"]
[BlackElo "1975"]
[EventDate "2013.07.20"]
[PlyCount "104"]

1.Nf3 Nf6 2.c4 e6 3.Nc3 d5 4.e3 c6 5.b3 Be7 6.Qc2 Nbd7 7.Bb2 a6 8.d3 b5 9.
g3 Bb7 10.Bg2 Rc8 11.O-O O-O 12.Rfe1 bxc4 13.bxc4 c5 14.e4 d4 15.Ne2 e5 
16.Rab1 Bc6 17.Nh4 g6 18.Bc1 Ne8 19.Bh6 Ng7 20.Nf3 Qc7 21.Bh3 f5 22.Ng5 
Bxg5 23.Bxg5 fxe4 24.dxe4 Rb8 25.Rxb8 Rxb8 26.Rb1 Rxb1+ 27.Qxb1 Nb6 28.f4 
Nxc4 29.fxe5 Nxe5 30.Bf4 Nh5 31.Bh6 Qb7 32.Qf1 Qe7 33.Be6+ Nf7 34.Bc4 Bxe4
35.g4 Nf6 36.Qf4 Bc6 37.h3 Qe4 38.Qxe4 Nxe4 39.Bf4 Nd6 40.Bxa6 Kf8 41.Kf2 
Ke7 42.Bd3 Ke6 43.Bh2 Ne5 44.Nf4+ Ke7 45.Bb1 Ne4+ 46.Bxe4 Bxe4 47.Bg3 g5 
48.Ne2 Ke6 49.Nc1 c4 50.Kf1 d3 51.Ke1 Nf3+ 52.Kd1 Bc6 0-1

[Event "EU-chT Seniors 15th"]
[Site "Dresden"]
[Date "2013.07.25"]
[Round "6"]
[White "Neumann, Horst"]
[Black "Nyberg, Bo"]
[Result "1/2-1/2"]
[WhiteElo "1908"]
[BlackElo "1852"]
[EventDate "2013.07.20"]
[PlyCount "78"]

1.d4 d5 2.Nf3 c6 3.h3 e6 4.Bf4 f5 5.Nbd2 Nf6 6.e3 Be7 7.Ne5 O-O 8.Be2 Nbd7
9.Ndf3 Ne4 10.Nxd7 Bxd7 11.O-O Kh8 12.c4 g5 13.Bh2 f4 14.Qb3 b6 15.Rad1 
Bd6 16.Ne5 Bxe5 17.dxe5 Qc7 18.f3 Nc5 19.Qc3 Qd8 20.Qd4 fxe3 21.Qxe3 Qe7 
22.Bd3 Nxd3 23.Qxd3 Be8 24.cxd5 cxd5 25.Rc1 Bg6 26.Qd4 Rac8 27.Rc3 Rc5 28.
b4 Rc7 29.Rfc1 Rfc8 30.a3 Kg8 31.Bg3 Be8 32.Bf2 Bb5 33.Bg3 Bc4 34.Qg4 h6 
35.h4 Kh7 36.hxg5 Rg8 37.Qh5 Rg6 38.f4 Qf7 39.Qh3 b5 1/2-1/2